000 00527nam a2200181Ia 4500
999 _c28991
_d28991
003 OSt
005 20210108125642.0
008 190216s9999||||xx |||||||||||||| ||und||
020 _a9788182643192
040 _coclc
082 _a894.8125
_bSAT/M
100 _aSatchidanandan, K
_96203
245 0 _aMukhamukham /
_bK Satchidanandan
260 _bMathrubhumi Printing And Publishing,
_aKozhikode:
_c2006.
300 _a144p
650 _aLekhanam
942 _cBK
_2ddc
_h894.8125
_iSAT/M
_k894.8125
_mSAT/M